00384 a2200133 4500020002800000035001600028082000800044100001800052245006100070250001100131260003000142300005000172500002800222 c372.80(V1), 378.80 (V2) aB-83097-09814a5301 aAgrawal, G.C.1 aA text book of physics for competitionscby G.C. Agrawal a7th ed aMeerutbG.R. Bathlac2004 a2v. ( xvi, 1330 p ; xvi, 1540 p )c24cm (pbk) aThis book is in 2 vol.